Poorest Countries in Africa Quiz Stats

 Plays Quiz not verified by Sporcle

Score 0/20 Timer 04:00
0 Plays Today
Rank Country % Correct
7.Niger
87.6%
2.Democratic Republic of the Congo
84.9%
5.Somalia
84.9%
1.Zimbabwe
84.1%
20.Mali
82.5%
15.Ethiopia
81.9%
9.Central African Republic
80.3%
16.Guinea
77.9%
4.Liberia
77.1%
8.Eritrea
76.5%
Rank Country % Correct
3.Burundi
75.7%
12.Sierra Leone
75.7%
14.Malawi
75.7%
10.Rwanda
75.5%
11.Togo
75.5%
13.Mozambique
74.4%
6.Guinea-Bissau
70.9%
19.Burkina Faso
67.9%
17.Madagascar
67.4%
18.Comoros
59.3%

You're not logged in!

Compare scores with friends on all Sporcle quizzes.
OR
Log In

Show Comments

Extras

Top Quizzes Today


Score Distribution

Your Account Isn't Verified!

In order to create a playlist on Sporcle, you need to verify the email address you used during registration. Go to your Sporcle Settings to finish the process.

Report this User

Report this user for behavior that violates our Community Guidelines.

Details: